| 000 | 00323nam a22001217a 4500 | ||
|---|---|---|---|
| 020 | _a9781862392298 | ||
| 082 |
_222 _a621.3678 |
||
| 100 | _aTeeuw, R. M. | ||
| 245 | _aMapping hazardous terrain using remote sensing / | ||
| 260 |
_aLondon, _bGeological Society, _cc2007. |
||
| 300 |
_a169p. ; _bill. ; _c25 cm. |
||
| 942 |
_2ddc _cEE |
||
| 999 |
_c1221 _d1221 |
||